00259nam a22001097a 4500020001500000082001300015100001700028245003700045260003900082300000800121650002000129 a8178210746 a226 THO1 aThomas, M.M. aJesus God's Annointed [Luke 1-9] aTiruvalla, KeralabCSS Booksc2007 a140 aGospels & Acts